| 000 | 01093nam a22002417a 4500 | ||
|---|---|---|---|
| 001 | 268 | ||
| 003 | FISKH | ||
| 005 | 20250818105052.0 | ||
| 008 | 230313b cb ||||| |||| 00| 0 eng d | ||
| 020 | _a9780007865215 | ||
| 040 |
_aFISKH _beng _cFISKH |
||
| 050 | _aPZ7 | ||
| 082 | _a823.92 | ||
| 100 | _aCutbill, Andy | ||
| 245 |
_aAlbie and the big race _bA small boy in a weird, wild world! _cby Andy Cutbill |
||
| 260 |
_aThailand _bHarperCollins _c2010 |
||
| 300 |
_a16 leaves of plates _c18 cm. |
||
| 505 | _aF | ||
| 520 | _aMeet Albie - a small boy in a weird, wild world. Albie is a six year old boy whose imagination turns his surroundings into wild fantasy and he sees peculiar creatures everywhere. Why does no one else notice them? It's a mystery to Albie. It seems like just another ordinary afternoon to Albie until he finds... penguins on a hostess trolley, zebras inside a grandfather clock and an elephant on a unicycle. Get your skates on, Albie! It's the Annual Smokin' Wheels Speed Convention! | ||
| 521 | 8 |
_a400
_bLexile |
|
| 521 | 8 |
_aF
_bRaz-Plus |
|
| 942 |
_2ddc _cBK _n0 |
||
| 999 |
_c268 _d268 |
||